00361nam a2200133 a 450008200150000010000240001524500460003926000400008530000090012550000350013450500100016965000240017970000240020300a200.1bGAR aGarland, L V Lester aReligious Philosophy of Baron F.Von Hugel aLondonbJ. M. Dent & Sons Ltdc1933 a114p aincludes index and biblioraphy2 aIndex aReligion-Philosophy1 aGarland, L V Lester